| 000 | 00000nam##2200000za#4500 |
| 001 | 9.615710 |
| 003 | CaOODSP |
| 005 | 20240527135427 |
| 007 | ta |
| 008 | 150406|2001||||xxc||||| f|0| 0 eng|d |
| 020 | |a0-662-30831-X |
| 022 | |a1497-0139 |
| 040 | |aCaOODSP|beng |
| 043 | |an-cn--- |
| 086 | 1 |aCW69-16/3-2001E |
| 110 | 2 |aCanadian Wildlife Service. |
| 245 | 10|aMigratory game bird hunting regulations in Canada / |cPrepared by the Canadian Wildlife Service Waterfowl Committee; Edited by Kathryn M. Dickson. |
| 260 | |aOttawa - Ontario : |bEnvironment Canada. |c2001. |
| 300 | |aiii, 13p. : |btables ; |c28 cm. |
| 490 | 1 |aCWS migratory birds regulatory report|x1497-0139|vNo. 3 |
| 500 | |aIncludes 20 pages of 2001 migratory birds hunting regulations summaries by province and territory. |
| 504 | |aBibliography. |
| 563 | |aSoftcover |
| 590 | |a01-40|b2001-10-05 |
| 690 | 07|aRegulations|2gcpds |
| 690 | 07|aBirds|2gcpds |
| 720 | 1 |aDickson, Kathryn |
| 775 | 08|tRèglements de chasse aux oiseaux migrateurs considérés comme gibier au Canada / |w(CaOODSP)9.625823 |
| 776 | 0#|tMigratory Game Bird Hunting Regulations in Canada, July 2001 / |w(CaOODSP)9.571414 |
| 830 | #0|aCWS migratory birds regulatory report,|x1497-0139|vNo. 3|w(CaOODSP)9.514488 |